01175cam a22003854i 4500003000900000005001700009008004100026020001500067020001800082035002000100040003300120082001800153245010700171264009000278300004600368336002100414337002500435338002300460490004400483504004000527505009600567526001000663526001000673526001000683526001000693526000800703526000800711526000800719526000800727526000800735526000800743526000800751650001400759650001600773PE-LiUPU20250731173030.0150706s2010 miu rb 000 0 eng d a0982784902 a9780982784907 a(Sirsi) a238327 aPE-LiUPUbspacPE-LiUPUerda04a248.2bE522000aEncountering God in life and mission :ba festschrift honoring Jon L. Dybdahl /cRudi, Maier [editor]. 1aBerrien Springs, Michigan :bDepartament of World Mission, Andrews University,c2010. axxvii, 479 páginas ;c23 centímetros. atext2rdacontent aunmediated2rdamedia avolume2rdacarrier0 aAndrews University mission studies ;v7 aBibliografía : páginas 415-463.0 aSpiritual encounters -- Theological encounters -- Mision encounters -- Religion encounters. aSEG42 aSEG41 aSEG40 aSEG39 aP94 aP87 aP86 aP85 aP77 aP76 aP3504aMisiones.04aTeología.